000 00310nam a22001457a 4500
003 SGT
020 _a978-1-84920-565-8
082 _a616.89
_bC13W
100 _aWILLS, FRANK
245 _aCOGNITIVE BEHAVIOUR THERAPY
250 _a3RD
260 _aANGELES
_bSAGE
_c2013
300 _a343
942 _2ddc
_cBK
999 _c16206
_d16206